Fanasty animals - Statistics

General Stats
  • This quiz has been taken 15 times
  • The average score is 9 of 15
Answer Stats
Hint Answer % Correct
Horse with a horn Unicorn
100%
One eyes giants Cyclops
92%
Fee fi fo fum Giant
92%
Giant octopus Kraken
92%
Lives under a bridge Troll
83%
Arial Mermaid
75%
Fire breathing reptiles Dragons
67%
Full moon Werewolf
67%
Medusa Gorgon
58%
Fiona Ogre
58%
"Hail _____!" Hydra
42%
Cerberus Hell hound
25%
Black jack Pegasus
25%
Half lion half eagle Griffen
17%
Fish pony Hippocampus
8%
No matching quizzes found
Score Distribution
Percent of People with Each Score
Percentile by Number Answered
Your Score History
You have not taken this quiz